| 000 | 00619nam a2200217 a 4500 | ||
|---|---|---|---|
| 001 | BRCA_6332 | ||
| 005 | 20190320205421.0 | ||
| 008 | 110811s1917----gw-ac#####---#000-0#ger-# | ||
| 041 | _ager | ||
| 044 | _agw | ||
| 050 | 4 |
_aPZ3 _b.W558 Lo |
|
| 100 | 1 |
_aHumboldt, Wilhelm von _915879 |
|
| 245 | 1 | 0 |
_aWilhelm von Humboldt Ausgewählte Schriften _cHerausgegeben von Theodor Kappstein. |
| 260 |
_aBerlín _bBorngräber _c[1917] |
||
| 300 |
_a527 p. _bil., retratos _c20 cm |
||
| 500 | _aK36 | ||
| 600 | 1 | 4 |
_aHumboldt, Wilhelm von _915879 |
| 700 | 1 |
_aKappstein, Theodor _eEditor. _915880 |
|
| 902 | _aGFM | ||
| 942 |
_2lcc _cB |
||
| 999 |
_c6018 _d6018 |
||